01685 a2200193 45000010006000000050017000060080041000230030015000640400040000790800022001192450028001410200018001692640028001873000020002155051193002351000018014287000018014467000027014642762220260407155550.0260407a1973 arg spa dAR-UNSa-BCEJYS aAR-UNSa-BCEJYSbspacAR-UNSa-BCEJYS a657xContabilidad10aTratado de contabilidad a84-03-19029-8 1aMadrid :bAguilarc1973 a1119 p.c24 cm. a1. Función Contable: Su alcance y organización del departamento encargado de desarrollarla en la empresa - 2. Cuentas y planes de cuentas - 3. Métodos de contabilidad - 4. Construción y contenido del balance anual - 5. Cálculo del superavit del ejercicio - 6. Los ingresos y su control - 7. Existencia e caja, bancos y otras de carácter líquido - 8. Deudores - 9. Existencias en mercancias - 10. Activo y material - 11. Activos no materiales - 12. Títulos, etc. - 13. Capital ajeno - 14. Capital propio - 15. Análisis del balance anual - 16. Contabilidades de concentraciones - 17. Inventarios y balances en los casos de suspensión de pagos - 18. Otras comprobaciones especiales de contabilidad - 19. Organización dela contabilidad de explotación - 20. Boletines internos de contabilidad - 21. Los costos y su tratamiento en la contabilidad - 22. Contabilidad de costos standard - 23. Materiales - 24. Salarios - 25. Amortizaciones - 26. Los costos indirectos y su distribución entre los lugares de costos - 27. El calculo - 28. Presupuesto - 29. Contabilidad a máquina - 30. Medios auxiliares técnicos de oficina - 31. Formularios y sistemas de formularios.1 aHansen, Palle1 aKoefoed, Arne1 aSuarez Franck, Armando